[Event "4NCL Division 2d"]
[Site "Birmingham, ENG"]
[Date "2016.05.02"]
[Round "11.251"]
[White "Povah, Nigel E"]
[Black "Richardson, John R"]
[Result "1/2-1/2"]
[WhiteElo "2301"]
[BlackElo "2267"]
[PlyCount "75"]
[EventDate "2016.05.02"]
[WhiteTeam "Guildford 3"]
[BlackTeam "The AD's"]

1. d4 e6 2. Nf3 Nf6 3. e3 b6 4. Bd3 Bb7 5. O-O Be7 6. b3 c5 7. Bb2 O-O 8. c4 d6
9. Nc3 Nbd7 10. d5 exd5 11. cxd5 Re8 12. e4 Bf8 13. Nd2 a6 14. a4 g6 15. f4 Bg7
16. Qf3 Qc7 17. Bc4 Rad8 18. Rae1 Qb8 19. h3 Rf8 20. Qd3 Qa8 21. Nf3 Nh5 22.
Ng5 b5 23. axb5 axb5 24. Bxb5 h6 25. Nf3 Nxf4 26. Qd2 Nh5 27. Bxd7 Rxd7 28. Na4
Qd8 29. Bxg7 Kxg7 30. g4 Nf6 31. Qc3 Kg8 32. Qe3 Kg7 33. Nb2 Re8 34. Qf4 Nh7
35. Nc4 Ng5 36. Kh2 Nxf3+ 37. Qxf3 Ba6 38. Qc3+ 1/2-1/2

[Event "4NCL Division 2d"]
[Site "Birmingham, ENG"]
[Date "2016.05.02"]
[Round "11.252"]
[White "Snape, Ian L"]
[Black "Zhang, Anthony Y"]
[Result "1/2-1/2"]
[WhiteElo "2267"]
[BlackElo "2207"]
[PlyCount "47"]
[EventDate "2016.05.02"]
[WhiteTeam "The AD's"]
[BlackTeam "Guildford 3"]

1. c4 e5 2. Nc3 Nf6 3. Nf3 Nc6 4. g3 Bb4 5. Nd5 Bc5 6. Bg2 d6 7. O-O O-O 8. e3
a6 9. d4 Ba7 10. dxe5 Nxe5 11. Nxe5 dxe5 12. b3 c6 13. Nxf6+ Qxf6 14. Bb2 Qe7
15. Qc2 f6 16. h3 Be6 17. Rfd1 Rfd8 18. Kh2 Rxd1 19. Rxd1 Rd8 20. Ba3 Qc7 21.
Be4 g6 22. Rxd8+ Qxd8 23. Bxg6 hxg6 24. Qxg6+ 1/2-1/2

[Event "4NCL Division 2d"]
[Site "Birmingham, ENG"]
[Date "2016.05.02"]
[Round "11.253"]
[White "Granat, Russell G"]
[Black "Besedin, Pavel"]
[Result "1-0"]
[WhiteElo "2217"]
[BlackElo "2230"]
[PlyCount "31"]
[EventDate "2016.05.02"]
[WhiteTeam "Guildford 3"]
[BlackTeam "The AD's"]

1. e4 e5 2. Nf3 Nf6 3. Nc3 Bb4 4. Bc4 O-O 5. O-O d6 6. d3 Bg4 7. h3 Bh5 8. g4
Bg6 9. Ne2 c6 10. c3 Ba5 11. Bb3 Nbd7 12. Ng3 Nc5 13. Bc2 Ne6 14. Nf5 Qc7 15.
a4 Bb6 16. a5 1-0

[Event "4NCL Division 2d"]
[Site "Birmingham, ENG"]
[Date "2016.05.02"]
[Round "11.255"]
[White "Golding, Alex"]
[Black "Swindells, Jonathan E"]
[Result "1/2-1/2"]
[WhiteElo "2155"]
[BlackElo "2260"]
[PlyCount "52"]
[EventDate "2016.05.02"]
[WhiteTeam "Guildford 3"]
[BlackTeam "The AD's"]

1. Nf3 Nf6 2. c4 g6 3. b4 Bg7 4. Bb2 O-O 5. g3 c6 6. Bg2 d6 7. O-O Na6 8. a3
Nc7 9. d3 e5 10. Nbd2 Nd7 11. Ne4 Qe7 12. Qb3 Kh8 13. Nc3 f5 14. e4 f4 15. gxf4
Rxf4 16. Ne2 Rf8 17. d4 Ne6 18. c5 dxc5 19. dxc5 Ng5 20. Nxg5 Qxg5 21. Bc1 Qe7
22. Be3 Nf6 23. Bf3 Be6 24. Qc3 Nh5 25. Rad1 Rfd8 26. Qc1 Bb3 1/2-1/2

[Event "4NCL Division 2d"]
[Site "Birmingham, ENG"]
[Date "2016.05.02"]
[Round "11"]
[White "Selway, Richard P"]
[Black "Punnett, Alan K"]
[Result "1-0"]
[WhiteElo "2110"]
[BlackElo "2125"]
[PlyCount "51"]
[EventDate "2016.05.02"]
[WhiteTeam "The AD's"]
[BlackTeam "Guildford 3"]

1. e4 e6 2. d3 d5 3. Nd2 Nf6 4. Ngf3 c5 5. g3 Nc6 6. Bg2 Be7 7. O-O O-O 8. Re1
b5 9. e5 Nd7 10. Nf1 c4 11. Bf4 a5 12. h4 cxd3 13. cxd3 Ba6 14. Ne3 b4 15. d4
Qb6 16. h5 f5 17. exf6 Nxf6 18. Bh3 Nxh5 19. Bxe6+ Kh8 20. Nxd5 Qb7 21. Ne5
Nxf4 22. Nxf4 Nxe5 23. Rxe5 Rad8 24. Ng6+ hxg6 25. Rh5+ gxh5 26. Qxh5# 1-0

[Event "4NCL Division 2d"]
[Site "Birmingham, ENG"]
[Date "2016.05.02"]
[Round "11.1"]
[White "Shepley, Julien M"]
[Black "Stockwell, Mark B"]
[Result "1/2-1/2"]
[WhiteElo "2042"]
[BlackElo "2087"]
[PlyCount "24"]
[EventDate "2016.05.02"]
[WhiteTeam "Guildford 3"]
[BlackTeam "The AD's"]

1. e4 e5 2. Nc3 Nf6 3. Bc4 Nxe4 4. Qh5 Nd6 5. Qxe5+ Qe7 6. Qxe7+ Bxe7 7. Bb3
Nf5 8. Nf3 c6 9. d3 d5 10. Bd2 O-O 11. O-O Nd7 12. Rae1 Bf6 1/2-1/2

[Event "4NCL Division 2d"]
[Site "Birmingham, ENG"]
[Date "2016.05.02"]
[Round "11.2"]
[White "Selway, Alexander M"]
[Black "Smart, Michael R"]
[Result "1/2-1/2"]
[WhiteElo "1705"]
[BlackElo "1990"]
[PlyCount "95"]
[EventDate "2016.05.02"]
[WhiteTeam "The AD's"]
[BlackTeam "Guildford 3"]

1. d4 Nf6 2. Nf3 d5 3. e3 Bg4 4. Nbd2 e6 5. b3 Bd6 6. Bb2 Nbd7 7. h3 Bh5 8. Be2
a5 9. Ne5 Bxe2 10. Qxe2 c6 11. O-O Qc7 12. f4 a4 13. c4 O-O 14. c5 Be7 15. b4
b6 16. Rab1 Rfb8 17. a3 Rb7 18. Bc3 bxc5 19. dxc5 h6 20. Rbd1 Rbb8 21. e4 dxe4
22. Nxe4 Nd5 23. Qh5 Rf8 24. Nxd7 Qxd7 25. f5 exf5 26. Rxf5 Qe6 27. Re5 Qg6 28.
Qxg6 fxg6 29. Bb2 Rae8 30. Re6 Bh4 31. Rxg6 Rxe4 32. Rxg7+ Kh8 33. Re7+ Bf6 34.
Rxe4 Bxb2 35. Rd3 Kh7 36. b5 Nc3 37. Re7+ Kg6 38. bxc6 Kf6 39. Rf7+ Rxf7 40.
Rf3+ Ke6 41. Rxf7 Nb5 42. c7 Na7 43. Rh7 Bxa3 44. Rxh6+ Kd7 45. Kf1 Bxc5 46.
Ke2 Kxc7 47. Ra6 a3 48. Kd3 1/2-1/2

[Event "4NCL Division 2d"]
[Site "Birmingham, ENG"]
[Date "2016.05.02"]
[Round "11.5"]
[White "Asenov, Pavel"]
[Black "Robertson, J Stuart"]
[Result "1-0"]
[WhiteElo "2260"]
[BlackElo "2126"]
[PlyCount "187"]
[EventDate "2016.05.02"]
[WhiteTeam "Brown Jack Witney"]
[BlackTeam "Cambridge University 2"]

1. d4 d5 2. c4 c6 3. Nf3 Nf6 4. Nc3 e6 5. Bg5 h6 6. Bxf6 Qxf6 7. e3 Nd7 8. Bd3
dxc4 9. Bxc4 g6 10. O-O Qe7 11. e4 Bg7 12. e5 O-O 13. Qe2 b5 14. Bd3 Rb8 15.
Rac1 c5 16. Nxb5 Bb7 17. Nd2 cxd4 18. f4 Nc5 19. Nd6 Nxd3 20. Qxd3 Bd5 21. b3
g5 22. N2c4 gxf4 23. Qxd4 f6 24. Nf5 Qf7 25. Nxg7 Qxg7 26. Rf2 fxe5 27. Qxe5
Qxe5 28. Nxe5 Rbc8 29. Rxc8 Rxc8 30. h3 Rc1+ 31. Kh2 Re1 32. Nd3 Re3 33. Nxf4
Bc6 34. Rc2 Be4 35. Rc7 e5 36. Nh5 Kf8 37. Ng3 Bd5 38. Rc2 e4 39. Nf5 Rd3 40.
Re2 h5 41. Ng3 e3 42. Nf1 a5 43. Nxe3 Bg8 44. Rf2+ Kg7 45. Nf5+ Kh7 46. Ng3 Kg6
47. Ne2 Re3 48. Nd4 a4 49. Rf8 Bf7 50. Rb8 axb3 51. axb3 Rd3 52. Rb6+ Kh7 53.
Rb7 Kg6 54. Nf3 Re3 55. Nh4+ Kf6 56. Rb6+ Kg5 57. Nf3+ Kf5 58. Kg3 Rd3 59. Kf2
Rc3 60. g4+ hxg4 61. hxg4+ Kxg4 62. Ne5+ Kf4 63. Nxf7 Rc2+ 64. Ke1 Ke3 65. Kd1
Rc3 66. Nd6 Kd3 67. Nc4 Kd4 68. Kd2 Rh3 69. Kc2 Kc5 70. Rb8 Rh2+ 71. Nd2 Rh4
72. Rc8+ Kb5 73. Rc4 Rh2 74. Rd4 Rh3 75. Rd3 Rh1 76. Ne4 Rh4 77. Rd4 Rh1 78.
Nc3+ Kc5 79. Rc4+ Kb6 80. b4 Rh3 81. Kb3 Rh1 82. Re4 Kc6 83. Re6+ Kd7 84. Re4
Kc6 85. Re6+ Kd7 86. Rg6 Kc7 87. Nd5+ Kb7 88. Kc4 Kb8 89. Kc5 Rc1+ 90. Kb6 Rc8
91. Rg7 Re8 92. Rb7+ Kc8 93. Ne7+ Kd8 94. Nc6+ 1-0

[Event "4NCL Division 2d"]
[Site "Birmingham, ENG"]
[Date "2016.05.02"]
[Round "11.6"]
[White "Spencer, Carl J"]
[Black "Headlong, Timothy"]
[Result "1-0"]
[WhiteElo "2106"]
[BlackElo "2143"]
[PlyCount "79"]
[EventDate "2016.05.02"]
[WhiteTeam "Cambridge University 2"]
[BlackTeam "Brown Jack Witney"]

1. d4 d5 2. c4 e6 3. Nf3 c5 4. cxd5 exd5 5. Nc3 Nc6 6. g3 Nf6 7. Bg2 Be7 8. O-O
O-O 9. dxc5 Bxc5 10. a3 Be6 11. b4 Bb6 12. Na4 Bc7 13. Bb2 Qe7 14. Nc5 a5 15.
Nxe6 fxe6 16. b5 Na7 17. a4 Nc8 18. Qb3 Nb6 19. Nd2 Kh8 20. e4 Rfd8 21. Rfe1
Qb4 22. Qxb4 axb4 23. exd5 exd5 24. a5 Nbd7 25. b6 Bd6 26. Nb3 Rdc8 27. Re6 Bf8
28. Bd4 Kg8 29. g4 h6 30. h4 Kf7 31. Rae1 g5 32. hxg5 hxg5 33. f4 gxf4 34. g5
Ne4 35. R6xe4 dxe4 36. Bxe4 Nc5 37. g6+ Ke6 38. Bxb7+ Kf5 39. Bxc5 Rxc5 40.
Bxa8 1-0

[Event "4NCL Division 2d"]
[Site "Birmingham, ENG"]
[Date "2016.05.02"]
[Round "11.7"]
[White "Padilla Cabero, Pablo"]
[Black "Chevannes, Sabrina L"]
[Result "1-0"]
[WhiteElo "2165"]
[BlackElo "2086"]
[PlyCount "79"]
[EventDate "2016.05.02"]
[WhiteTeam "Brown Jack Witney"]
[BlackTeam "Cambridge University 2"]

1. e4 c6 2. d4 d5 3. e5 Bf5 4. g4 Bd7 5. Nh3 c5 6. c3 Nc6 7. Nf4 e6 8. Be3 Qb6
9. Qd2 Rc8 10. Be2 cxd4 11. cxd4 Na5 12. Nc3 Nc4 13. Bxc4 Rxc4 14. O-O Qd8 15.
Rac1 h5 16. b3 Rc6 17. Nxh5 g6 18. Bg5 Qc8 19. Ng3 Bb4 20. Nge2 a6 21. Qe3 Be7
22. Bxe7 Nxe7 23. Na4 Rxc1 24. Rxc1 Qd8 25. Nc5 Bc6 26. Qg5 Qa5 27. a4 Rh3 28.
Kg2 Rh7 29. Qe3 Qd8 30. Nf4 Rh4 31. h3 Ng8 32. Nxa6 Nh6 33. Ne2 Nxg4 34. hxg4
Rxg4+ 35. Ng3 f5 36. exf6 Qxf6 37. Nb4 Rxd4 38. Nxc6 bxc6 39. Rxc6 Kd7 40. Rxe6
1-0

[Event "4NCL Division 2d"]
[Site "Birmingham, ENG"]
[Date "2016.05.02"]
[Round "11.8"]
[White "Somerfield, Adrian P"]
[Black "Mihalik, Agoston"]
[Result "1/2-1/2"]
[WhiteElo "2083"]
[BlackElo "2127"]
[PlyCount "132"]
[EventDate "2016.05.02"]
[WhiteTeam "Cambridge University 2"]
[BlackTeam "Brown Jack Witney"]

1. d4 Nf6 2. Nf3 e6 3. e3 b6 4. Bd3 Bb7 5. Nbd2 c5 6. c3 Qc7 7. e4 d6 8. O-O
Nbd7 9. Re1 Be7 10. a3 O-O 11. e5 Nd5 12. g3 cxd4 13. c4 dxe5 14. cxd5 Bxd5 15.
Be4 Bd6 16. b4 b5 17. Qe2 Rab8 18. Bb2 Qb7 19. Bd3 f5 20. Bb1 Rfc8 21. Rd1 Rc3
22. Bxc3 dxc3 23. Ne1 cxd2 24. Rxd2 e4 25. Ba2 Be5 26. Rad1 Nf6 27. Ng2 Bc3 28.
Rc2 Bxa2 29. Rxa2 a5 30. bxa5 Bxa5 31. Rb2 Nd5 32. Rc1 Bc3 33. Rb3 Bd4 34. Qd2
Qb6 35. Ne3 Rd8 36. Nxd5 Rxd5 37. Qe2 g6 38. Rcb1 Qd6 39. Rxb5 Qxa3 40. Rxd5
exd5 41. Qb5 Qd6 42. Qe8+ Qf8 43. Qe6+ Qf7 44. Rb8+ Kg7 45. Qc6 Bf6 46. Rb7 Be7
47. Qc3+ Kg8 48. Qc7 Kf8 49. Qe5 Qf6 50. Qxd5 Qf7 51. Qd4 Qf6 52. Qd7 Qf7 53.
Rc7 h5 54. h4 Qf6 55. Rc8+ Kg7 56. Qd5 Qf7 57. Qb7 Qe6 58. Rc7 Kf7 59. Rc6 Qe5
60. Qb3+ Kg7 61. Re6 Qc5 62. Qb7 Kf7 63. Rc6 Qe5 64. Qb3+ Kg7 65. Rc8 Bf8 66.
Qb7+ Be7 1/2-1/2

[Event "4NCL Division 2d"]
[Site "Birmingham, ENG"]
[Date "2016.05.02"]
[Round "11.9"]
[White "Martin, Lewis"]
[Black "Gooding, Ian"]
[Result "0-1"]
[WhiteElo "2147"]
[BlackElo "2032"]
[PlyCount "66"]
[EventDate "2016.05.02"]
[WhiteTeam "Brown Jack Witney"]
[BlackTeam "Cambridge University 2"]

1. e4 e6 2. d4 d5 3. Nd2 Be7 4. e5 Nh6 5. Bd3 c5 6. c3 Nc6 7. Ne2 Qb6 8. Nf3
Bd7 9. O-O cxd4 10. cxd4 f6 11. Nf4 Nf7 12. Re1 fxe5 13. dxe5 O-O-O 14. Nxd5
exd5 15. e6 Bxe6 16. Rxe6 Kb8 17. Bf4+ Ka8 18. Qe2 Bd6 19. Bxd6 Nxd6 20. Re1 g5
21. Qd2 Ne4 22. Qe3 Qxe3 23. Rxe3 Nc5 24. Rh6 d4 25. Re2 Nxd3 26. Nxg5 Nf4 27.
Rd2 Rhg8 28. h4 Rd7 29. g3 Ng6 30. Rxh7 Rxh7 31. Nxh7 Nxh4 32. Kf1 Nf3 33. Rd3
Nce5 0-1

[Event "4NCL Division 2d"]
[Site "Birmingham, ENG"]
[Date "2016.05.02"]
[Round "11.10"]
[White "Gordon-Brown, Alexander J"]
[Black "Hackett, Dave G"]
[Result "0-1"]
[WhiteElo "2063"]
[BlackElo "2130"]
[PlyCount "114"]
[EventDate "2016.05.02"]
[WhiteTeam "Cambridge University 2"]
[BlackTeam "Brown Jack Witney"]

1. d4 Nf6 2. c4 c5 3. d5 e6 4. Nc3 exd5 5. cxd5 d6 6. e4 g6 7. f4 Bg7 8. Bb5+
Nfd7 9. a4 a6 10. Bd3 Qc7 11. Nf3 O-O 12. O-O c4 13. Bc2 Nc5 14. h3 Nbd7 15.
Be3 Rb8 16. Bd4 b5 17. Bxg7 Kxg7 18. Qd4+ Kg8 19. axb5 axb5 20. e5 b4 21. Ne4
Nxe4 22. Bxe4 Nc5 23. Qxc4 Qb6 24. Kh2 Ba6 25. Rxa6 Qxa6 26. Qxa6 Nxa6 27. Nd4
Nc5 28. Bf3 Nd3 29. Nc6 Rb7 30. Be2 Nxb2 31. Rb1 Na4 32. Rxb4 Rxb4 33. Nxb4 g5
34. fxg5 dxe5 35. Nc6 Nc5 36. Bg4 e4 37. Kg3 Re8 38. d6 e3 39. Ne7+ Kf8 40. Kf3
Nb7 41. Bd7 Rd8 42. Ba4 Nxd6 43. Nc6 Ra8 44. Bc2 Nc4 45. Bxh7 Ra2 46. Bd3 Rf2+
47. Kg3 Nb2 48. Bb5 Nd1 49. Ne5 Nc3 50. Bd3 Rd2 51. Kf3 e2 52. Kf2 Rd1 53. Bxe2
Rd2 54. Nf3 Rxe2+ 55. Kg3 Ne4+ 56. Kf4 Nd6 57. g3 Re4# 0-1

[Event "4NCL Division 2d"]
[Site "Birmingham, ENG"]
[Date "2016.05.02"]
[Round "11.11"]
[White "Rabbitt, Michael"]
[Black "Chan, Nevil"]
[Result "1/2-1/2"]
[WhiteElo "2036"]
[BlackElo "2023"]
[PlyCount "134"]
[EventDate "2016.05.02"]
[WhiteTeam "Brown Jack Witney"]
[BlackTeam "Cambridge University 2"]

1. e4 b6 2. d4 Bb7 3. Nc3 e6 4. Bd3 Nf6 5. Nge2 d5 6. f3 Be7 7. Be3 O-O 8. exd5
Nxd5 9. Nxd5 exd5 10. O-O Re8 11. Qd2 Ba6 12. Bxa6 Nxa6 13. a4 c6 14. c3 Nc7
15. a5 b5 16. Nc1 Bd6 17. Nd3 Ne6 18. Qf2 Qc7 19. g3 Re7 20. Rfe1 Rae8 21. b4
Nf8 22. Bf4 Bxf4 23. Nxf4 Nd7 24. Rxe7 Rxe7 25. Re1 Qd8 26. Nd3 f6 27. Qc2
Rxe1+ 28. Nxe1 Qe7 29. Qd2 Kf8 30. Nd3 Qd6 31. Kf2 Kg8 32. Nf4 a6 33. Qe3 Kf7
34. Qd3 g6 35. h4 Nf8 36. Qd2 Qd7 37. Kg2 Qd6 38. Nd3 Nd7 39. h5 g5 40. Nf2 Qe6
41. Nd1 Kg7 42. g4 Nf8 43. Ne3 Qd7 44. Nf5+ Kf7 45. f4 Ne6 46. fxg5 fxg5 47.
Qe3 Nf4+ 48. Kf1 Qe6 49. Kf2 Qxe3+ 50. Nxe3 Ke6 51. Nc2 Kd6 52. Ne1 Ne6 53. Nd3
Ke7 54. Kf3 Kd6 55. Ke3 Ke7 56. Ne5 Kd6 57. Nf7+ Ke7 58. Ne5 Kd6 59. Kf3 Kc7
60. Nf7 Kd7 61. Nh6 Ke7 62. Nf5+ Kd7 63. Ke3 Kc7 64. Ne7 Kd7 65. Ng8 Kd6 66.
Nf6 Nf8 67. Ne8+ Kd7 1/2-1/2

[Event "4NCL Division 2d"]
[Site "Birmingham, ENG"]
[Date "2016.05.02"]
[Round "11.12"]
[White "Brau, Julio"]
[Black "Tomboline, David"]
[Result "1-0"]
[WhiteElo "2042"]
[BlackElo "1951"]
[PlyCount "44"]
[EventDate "2016.05.02"]
[WhiteTeam "Cambridge University 2"]
[BlackTeam "Brown Jack Witney"]

1. e4 c6 2. d4 d5 3. Nc3 dxe4 4. Nxe4 Bf5 5. Ng3 Bg6 6. h4 h6 7. N1e2 e6 8. Nf4
Bh7 9. Bc4 Nf6 10. b3 Bd6 11. Be3 Nbd7 12. Ngh5 O-O 13. Nxf6+ Qxf6 14. Nh5 Qf5
15. Qe2 Nf6 16. Nxf6+ Qxf6 17. O-O-O Bf4 18. g4 Bxe3+ 19. Qxe3 Qg6 20. Rde1 a5
21. h5 Qg5 22. Qxg5 hxg5 1-0

[Event "4NCL Division 2d"]
[Site "Birmingham, ENG"]
[Date "2016.05.02"]
[Round "11.15"]
[White "Pitcher, John"]
[Black "Farrand, Tom"]
[Result "1/2-1/2"]
[WhiteElo "2230"]
[BlackElo "2177"]
[PlyCount "25"]
[EventDate "2016.05.02"]
[WhiteTeam "Warwickshire Select 1"]
[BlackTeam "CSC Dragons [1]"]

1. e4 c5 2. Nf3 e6 3. c3 Nf6 4. e5 Nd5 5. g3 Nc6 6. Bg2 d6 7. exd6 Bxd6 8. O-O
O-O 9. d4 cxd4 10. Nxd4 Nxd4 11. Qxd4 Qc7 12. Nd2 Bd7 13. Ne4 1/2-1/2

[Event "4NCL Division 2d"]
[Site "Birmingham, ENG"]
[Date "2016.05.02"]
[Round "11.16"]
[White "Thompson, Ian D"]
[Black "Thomas, Nicholas"]
[Result "1/2-1/2"]
[WhiteElo "2161"]
[BlackElo "2222"]
[PlyCount "30"]
[EventDate "2016.05.02"]
[WhiteTeam "CSC Dragons [1]"]
[BlackTeam "Warwickshire Select 1"]

1. c4 e5 2. g3 Nc6 3. Bg2 f5 4. Nc3 Nf6 5. e3 d5 6. Nxd5 Nxd5 7. cxd5 Nb4 8. d3
Nxd5 9. Nf3 Bd6 10. O-O Nf6 11. b4 Qe7 12. Bb2 O-O 13. a3 Bd7 14. Qc2 Kh8 15.
Nd2 c6 1/2-1/2

[Event "4NCL Division 2d"]
[Site "Birmingham, ENG"]
[Date "2016.05.02"]
[Round "11.17"]
[White "Mason, Donald J"]
[Black "Fegan, Chris"]
[Result "1/2-1/2"]
[WhiteElo "2230"]
[BlackElo "2079"]
[PlyCount "21"]
[EventDate "2016.05.02"]
[WhiteTeam "Warwickshire Select 1"]
[BlackTeam "CSC Dragons [1]"]

1. Nf3 Nf6 2. g3 g6 3. Bg2 Bg7 4. O-O O-O 5. d3 d6 6. e4 c5 7. Re1 Nc6 8. c3 e5
9. Nbd2 h6 10. Nc4 Be6 11. Qe2 1/2-1/2

[Event "4NCL Division 2d"]
[Site "Birmingham, ENG"]
[Date "2016.05.02"]
[Round "11.19"]
[White "Lam, Paul G M"]
[Black "Amato, Giampiero"]
[Result "1/2-1/2"]
[WhiteElo "2207"]
[BlackElo "2011"]
[PlyCount "85"]
[EventDate "2016.05.02"]
[WhiteTeam "Warwickshire Select 1"]
[BlackTeam "CSC Dragons [1]"]

1. Nc3 Nf6 2. e4 e5 3. g3 d5 4. exd5 Nxd5 5. Bg2 Nxc3 6. bxc3 Nc6 7. Nf3 Be7 8.
Qe2 Qd6 9. O-O O-O 10. Rb1 Rb8 11. d4 Bf6 12. d5 Qxd5 13. Nd2 Qe6 14. Ne4 Be7
15. Be3 b6 16. Ng5 Bxg5 17. Bxg5 Bb7 18. Qh5 Na5 19. Bh3 Qg6 20. Qxg6 hxg6 21.
Rb4 Bc8 22. Bg2 Be6 23. a4 f6 24. Bc1 Rbd8 25. f4 exf4 26. Bxf4 c5 27. Re4 Bd5
28. Re7 Bxg2 29. Kxg2 Nc6 30. Re6 Ne5 31. Bxe5 fxe5 32. Re1 Rd2+ 33. Kh3 Rf5
34. Re7 Rf7 35. R7xe5 Rxc2 36. Re8+ Kh7 37. R1e4 g5 38. R4e5 Kg6 39. Kg4 Rxc3
40. Rxg5+ Kf6 41. Rf5+ Kg6 42. Rg5+ Kf6 43. Rf5+ 1/2-1/2

[Event "4NCL Division 2d"]
[Site "Birmingham, ENG"]
[Date "2016.05.02"]
[Round "11.20"]
[White "Staples, Daniel J"]
[Black "Hynes, Anthony M"]
[Result "1/2-1/2"]
[WhiteElo "1981"]
[BlackElo "2129"]
[PlyCount "35"]
[EventDate "2016.05.02"]
[WhiteTeam "CSC Dragons [1]"]
[BlackTeam "Warwickshire Select 1"]

1. d4 d5 2. Nf3 Nf6 3. e3 e6 4. Bd3 c5 5. c3 Nc6 6. Nbd2 Bd6 7. O-O O-O 8. dxc5
Bxc5 9. e4 e5 10. exd5 Qxd5 11. Qe2 Bg4 12. Ne4 Be7 13. Nxf6+ Bxf6 14. Be4 Qe6
15. Be3 Rfd8 16. a3 h6 17. Rfd1 Bf5 18. Bxf5 1/2-1/2

[Event "4NCL Division 2d"]
[Site "Birmingham, ENG"]
[Date "2016.05.02"]
[Round "11.21"]
[White "Stepanyan, Henrik"]
[Black "Richardson, Keith B"]
[Result "1-0"]
[WhiteElo "2140"]
[BlackElo "2003"]
[PlyCount "69"]
[EventDate "2016.05.02"]
[WhiteTeam "Warwickshire Select 1"]
[BlackTeam "CSC Dragons [1]"]

1. d4 g6 2. c4 Bg7 3. Nc3 d6 4. e4 c6 5. Nf3 a6 6. a4 a5 7. Be2 Na6 8. h3 Nf6
9. Bg5 h6 10. Be3 Nb4 11. O-O O-O 12. Nh2 d5 13. cxd5 cxd5 14. e5 Ne4 15. Bf4
g5 16. Bc1 Be6 17. f4 Ng3 18. Rf3 Nxe2+ 19. Nxe2 Qd7 20. fxg5 hxg5 21. Bxg5 f6
22. exf6 exf6 23. Be3 Rac8 24. Rc1 Rxc1 25. Bxc1 Bf5 26. Qf1 Bd3 27. Qd1 Be4
28. Rg3 Kf7 29. Nf4 Qf5 30. Nh5 Rg8 31. Ng4 Bf8 32. Nhxf6 Rg6 33. Nxe4 Rxg4 34.
Rxg4 dxe4 35. Rf4 1-0

[Event "4NCL Division 2d"]
[Site "Birmingham, ENG"]
[Date "2016.05.02"]
[Round "11.22"]
[White "Milewska, Agnieszka"]
[Black "Donegan, Kate M"]
[Result "1/2-1/2"]
[WhiteElo "1766"]
[BlackElo "1848"]
[PlyCount "49"]
[EventDate "2016.05.02"]
[WhiteTeam "CSC Dragons [1]"]
[BlackTeam "Warwickshire Select 1"]

1. d4 Nf6 2. c4 g6 3. e3 Bg7 4. Nf3 d6 5. Nc3 Nbd7 6. b3 b6 7. g3 Bb7 8. Bg2
O-O 9. O-O c6 10. Bb2 Qc7 11. Rc1 a6 12. d5 c5 13. Qd2 Ng4 14. Bh3 Nge5 15.
Nxe5 Nxe5 16. f4 Nd7 17. Ne4 Nf6 18. Nxf6+ Bxf6 19. Bxf6 exf6 20. Qc3 Qe7 21.
Rce1 f5 22. Re2 Rae8 23. Rfe1 Qd8 24. e4 fxe4 25. Rxe4 1/2-1/2

[Event "4NCL Division 2d"]
[Site "Birmingham, ENG"]
[Date "2016.05.02"]
[Round "11.25"]
[White "Kenworthy, Gary"]
[Black "Eames, Robert S"]
[Result "0-1"]
[WhiteElo "2275"]
[BlackElo "2275"]
[PlyCount "62"]
[EventDate "2016.05.02"]
[WhiteTeam "MK Phoenix 1"]
[BlackTeam "Hackney 1"]

1. c4 e6 2. g3 d5 3. Bg2 Nf6 4. Nf3 Be7 5. O-O O-O 6. b3 d4 7. e3 c5 8. a3 a5
9. exd4 cxd4 10. Re1 Nc6 11. Bb2 Re8 12. d3 Bf8 13. Ne5 Nxe5 14. Rxe5 Qd6 15.
Rb5 Ra7 16. Nd2 b6 17. Nf3 e5 18. Qe2 Rae7 19. Rc1 Ba6 20. c5 bxc5 21. Rbxc5 e4
22. Nxd4 exd3 23. Qd2 Qxc5 24. Rxc5 Re1+ 25. Bf1 Bxc5 26. Nf5 R8e2 27. Qf4
Rxf1+ 28. Kxf1 Rxf2+ 29. Ke1 d2+ 30. Kd1 Rf1+ 31. Kxd2 Ne4+ 0-1

[Event "4NCL Division 2d"]
[Site "Birmingham, ENG"]
[Date "2016.05.02"]
[Round "11.26"]
[White "Lyell, Mark"]
[Black "Friedgood, David"]
[Result "1/2-1/2"]
[WhiteElo "2290"]
[BlackElo "2230"]
[PlyCount "83"]
[EventDate "2016.05.02"]
[WhiteTeam "Hackney 1"]
[BlackTeam "MK Phoenix 1"]

1. e4 c5 2. Nf3 e6 3. c3 d5 4. e5 d4 5. g3 Nc6 6. Bg2 Nge7 7. O-O Nf5 8. d3 Be7
9. Qe2 Qc7 10. Nbd2 h5 11. h4 Bd7 12. Ne4 f6 13. exf6 gxf6 14. Bd2 O-O-O 15.
Rfc1 Kb8 16. b4 dxc3 17. Bxc3 cxb4 18. Bxf6 Bxf6 19. Nxf6 Bc8 20. Rc4 Qg7 21.
Qb2 Rhf8 22. Rxc6 bxc6 23. Ne5 Qxf6 24. Qxb4+ Bb7 25. Rb1 Nd6 26. Nxc6+ Kc7 27.
Qa5+ Kd7 28. Qxa7 Ra8 29. Rxb7+ Nxb7 30. Qxb7+ Kd6 31. Nb4 Qxf2+ 32. Kh2 Ra7
33. Qc6+ Ke7 34. Qe4 Kf6 35. Nc6 Rxa2 36. Qe5+ Kg6 37. Qg5+ Kf7 38. Qxh5+ Kg7
39. Qg5+ Kh7 40. Qh5+ Kg7 41. Qg4+ Kh8 42. Qh5+ 1/2-1/2

[Event "4NCL Division 2d"]
[Site "Birmingham, ENG"]
[Date "2016.05.02"]
[Round "11.27"]
[White "Ross, Chris N"]
[Black "Britton, Richard L"]
[Result "0-1"]
[WhiteElo "2194"]
[BlackElo "2186"]
[PlyCount "92"]
[EventDate "2016.05.02"]
[WhiteTeam "MK Phoenix 1"]
[BlackTeam "Hackney 1"]

1. e4 c5 2. Nf3 d6 3. Bb5+ Bd7 4. Bxd7+ Qxd7 5. c4 Nf6 6. Nc3 g6 7. d4 cxd4 8.
Nxd4 Bg7 9. f3 O-O 10. Be3 Rc8 11. b3 a6 12. Rc1 Nc6 13. Qd2 Nxd4 14. Bxd4 b5
15. cxb5 axb5 16. O-O Qb7 17. Kh1 b4 18. Na4 Nd7 19. Bxg7 Kxg7 20. h3 Qb5 21.
Rfd1 g5 22. Qb2+ Qe5 23. Qd2 Qf4 24. Rxc8 Rxc8 25. Nb2 Ne5 26. Nd3 Qxd2 27.
Rxd2 Nxd3 28. Rxd3 Rc2 29. Rd5 Kg6 30. Ra5 e6 31. Ra6 Rd2 32. a4 bxa3 33. Rxa3
f5 34. exf5+ Kxf5 35. Ra7 h5 36. b4 Rb2 37. Rb7 d5 38. b5 d4 39. b6 Kf4 40. Kh2
Ke3 41. h4 gxh4 42. Kh3 d3 43. Kxh4 d2 44. Rd7 Rxb6 45. Kxh5 Rb5+ 46. Kh6 Rd5
0-1

[Event "4NCL Division 2d"]
[Site "Birmingham, ENG"]
[Date "2016.05.02"]
[Round "11.28"]
[White "Holes, Michal"]
[Black "Grieve, Harry"]
[Result "1-0"]
[WhiteElo "2162"]
[BlackElo "2102"]
[PlyCount "63"]
[EventDate "2016.05.02"]
[WhiteTeam "Hackney 1"]
[BlackTeam "MK Phoenix 1"]

1. e4 e5 2. Nf3 Nc6 3. Bb5 a6 4. Ba4 Nf6 5. O-O Be7 6. Re1 b5 7. Bb3 d6 8. c3
O-O 9. a4 Bb7 10. d4 Na5 11. Bc2 c5 12. dxe5 dxe5 13. axb5 Qxd1 14. Rxd1 axb5
15. Nxe5 Bxe4 16. Bxe4 Nxe4 17. Rxa5 Rxa5 18. Nc6 Bd8 19. Nxa5 Bxa5 20. f3 Nf6
21. Be3 c4 22. Na3 Rb8 23. Bf4 Rb7 24. Kf1 Kf8 25. Be5 Nd7 26. Bd6+ Ke8 27. Rd5
Nf6 28. Rxb5 Rxb5 29. Nxb5 Nd5 30. Bc5 Kd7 31. Na3 Bb6 32. Bf2 1-0

[Event "4NCL Division 2d"]
[Site "Birmingham, ENG"]
[Date "2016.05.02"]
[Round "11.30"]
[White "Balloglu, Piro"]
[Black "Brown, Alan M"]
[Result "1-0"]
[WhiteElo "1959"]
[BlackElo "2039"]
[PlyCount "97"]
[EventDate "2016.05.02"]
[WhiteTeam "Hackney 1"]
[BlackTeam "MK Phoenix 1"]

1. e4 e5 2. Nf3 Nc6 3. d4 exd4 4. Nxd4 Nf6 5. Nxc6 bxc6 6. Bd3 d6 7. Bg5 Be7 8.
Nc3 Rb8 9. Rb1 O-O 10. O-O Be6 11. b3 Nd7 12. Be3 a5 13. a4 Bf6 14. Ne2 Ne5 15.
Nd4 Bd7 16. Be2 c5 17. Nb5 Re8 18. h3 Bc6 19. f3 Bb7 20. Bd2 Nc6 21. Bc4 Nb4
22. Bf4 Nc6 23. Kh1 Ne5 24. Be2 Ng6 25. Bh2 Ra8 26. Bc4 Qe7 27. Qd2 Red8 28.
Qf2 Ne5 29. Be2 Nc6 30. Rbd1 Nd4 31. Bc4 Bh4 32. Qd2 Bf6 33. Nxd4 cxd4 34. Bg1
c5 35. Rfe1 Bh4 36. Bf2 Qf6 37. Bxh4 Qxh4 38. Kh2 Re8 39. c3 Rad8 40. cxd4 cxd4
41. Qxa5 Re5 42. Qd2 Rg5 43. Rf1 Qg3+ 44. Kh1 Bc8 45. Qf2 Qf4 46. Rxd4 Bxh3 47.
gxh3 Rg3 48. Qh2 Qh4 49. e5 1-0